Introduction to marine geology and geomorphology

Salvato in:
Dettagli Bibliografici
Autore principale: King, Cuchlaine Audrey Muriel (Autore)
Natura: Libro
Lingua:inglese
Pubblicazione: Londres Edward Arnold 1974
Soggetti:
Tags: Aggiungi Tag
Nessun Tag, puoi essere il primo ad aggiungerne!!

MARC

LEADER 00000nam a2200000 a 4500
001 UCU4745
003 CL-VaPUC
008 960524e19740000UK |||||||||||||||||eng|d
082 0 4 |a 551.460  |b KIN  |2 21 
100 |a King, Cuchlaine Audrey Muriel  |e author  |9 431618 
245 1 0 |a Introduction to marine geology and geomorphology 
300 |a 309 p 
942 |c BK 
945 |d 19960524 00:00:00  |a lriquelm 
260 |a Londres  |b Edward Arnold  |c 1974 
650 0 |a Geología   |9 260984 
650 0 |a Geología marina   |9 350527 
650 0 |a Oceanografía física  |9 339696 
650 0 |a Océanos   |9 344473 
650 0 |a Geofísica marina   |9 261756 
583 |a last modification  |c 19960524 00:00:00  |k Rodrigo Vera 
999 |c 248322  |d 248320 
952 |0 0  |1 0  |4 0  |6 551_460000000000000_KIN_1974  |7 0  |8 A  |9 264865  |a BIBING  |b BIBING  |d 2019-11-19  |i 1663550  |o 551.460 KIN 1974  |p 1663550  |r 2025-01-20  |w 2019-11-19  |y BK  |k GEO